<?xml version="1.0" encoding="UTF-8"?>
<collection xmlns="http://www.loc.gov/MARC21/slim">
 <record>
  <leader>00468pamaa2200157   4500</leader>
  <controlfield tag="001">0000014722</controlfield>
  <controlfield tag="005">20060511090000.0</controlfield>
  <datafield tag="020" ind1="0" ind2="0">
   <subfield code="a">0335150292 </subfield>
  </datafield>
  <datafield tag="082" ind1=" " ind2=" ">
   <subfield code="a">374 HOP</subfield>
  </datafield>
  <datafield tag="090" ind1="0" ind2="0">
   <subfield code="a">LC5015 </subfield>
   <subfield code="b">HOP 1985</subfield>
  </datafield>
  <datafield tag="100" ind1="1" ind2="0">
   <subfield code="a">HOPKINS </subfield>
  </datafield>
  <datafield tag="245" ind1="1" ind2="0">
   <subfield code="a">Workers' education : </subfield>
   <subfield code="b">an international perspective  </subfield>
   <subfield code="c">Philip G.H. Hopkins.</subfield>
  </datafield>
  <datafield tag="260" ind1="0" ind2="0">
   <subfield code="a">Milton Keynes: </subfield>
   <subfield code="b">Open University, </subfield>
   <subfield code="c">1985.</subfield>
  </datafield>
  <datafield tag="300" ind1=" " ind2=" ">
   <subfield code="a">viii, 248p.: </subfield>
   <subfield code="b">23cm.</subfield>
  </datafield>
  <datafield tag="650" ind1="0" ind2="0">
   <subfield code="a">Labor and laboring classes -- </subfield>
   <subfield code="x">Education </subfield>
  </datafield>
  <datafield tag="650" ind1="0" ind2="0">
   <subfield code="a">Adult education </subfield>
  </datafield>
 </record>
</collection>
